[Event "Rhein Main op-B 24th"]
[Site "Bad Homburg"]
[Date "2022.06.15"]
[Round "1"]
[White "Bezsonna, Polina"]
[Black "Konstantinovskij, Dimitrij"]
[Result "1-0"]
[WhiteElo "1511"]
[BlackElo "1921"]
[PlyCount "63"]
[EventDate "2022.06.15"]
[EventType "swiss"]
[EventRounds "7"]
[EventCountry "GER"]
[SourceTitle "EXT 2023"]
[Source "ChessBase"]
[SourceDate "2022.10.05"]
[SourceVersion "1"]
[SourceVersionDate "2022.10.05"]
[SourceQuality "1"]

1. e4 c5 2. Nf3 e6 3. c4 d6 4. Nc3 Nf6 5. d3 Be7 6. h3 0-0 7. Be2 a6 8. 0-0 Nbd7 9. Ne1 Rb8 10. f4 b5 11. g4 bxc4 12. dxc4 Bb7 13. Bd3 d5 14. exd5 exd5 15. g5 Ne8 16. Nxd5 Bd6 17. Ne3 g6 18. Bd2 Ng7 19. Bc3 Ne6 20. Ng4 Re8 21. Bxg6 Nd4 22. Nh6+ Kf8 23. Nxf7 Qc7 24. Bxd4 Bxf4 25. Ne5 hxg6 26. Nxd7+ Kg8 27. Nf6+ Kf7 28. Nxe8 Kxe8 29. Qe2+ Kd7 30. Rd1 cxd4 31. Rxd4+ Bd6 32. Rf7+ 1-0

[Event "Rhein Main op-B 22nd"]
[Site "Bad Homburg"]
[Date "2019.06.20"]
[Round "2"]
[White "Gerhard, Dominik"]
[Black "Konstantinovskij, Dimitrij"]
[Result "1/2-1/2"]
[WhiteElo "1767"]
[BlackElo "1956"]
[PlyCount "36"]
[EventDate "2019.06.19"]
[EventType "swiss"]
[EventRounds "7"]
[EventCountry "GER"]
[SourceTitle "EXT 2020"]
[Source "ChessBase"]
[SourceDate "2019.10.17"]
[SourceVersion "1"]
[SourceVersionDate "2019.10.17"]
[SourceQuality "1"]

1. c4 Nf6 2. Nc3 c5 3. Nf3 d5 4. cxd5 Nxd5 5. g3 Nc6 6. d3 e5 7. Bg2 Nxc3 8. bxc3 Be7 9. 0-0 0-0 10. Bb2 Bf5 11. Nd2 Qd7 12. Re1 Rad8 13. Qa4 Rfe8 14. Ba3 Bh3 15. Bxh3 Qxh3 16. Ne4 Kh8 17. Bxc5 Bxc5 18. Nxc5 f5 1/2-1/2

[Event "Hofheim Spring op-B 7th"]
[Site "Hofheim"]
[Date "2019.04.24"]
[Round "2"]
[White "Weiland, Thomas"]
[Black "Konstantinovskij, Dimitrij"]
[Result "1-0"]
[WhiteElo "1820"]
[BlackElo "1957"]
[PlyCount "129"]
[EventDate "2019.04.23"]
[EventType "swiss"]
[EventRounds "9"]
[EventCountry "GER"]
[SourceTitle "CBM 190 Extra"]
[Source "ChessBase"]
[SourceDate "2019.07.15"]
[SourceVersion "1"]
[SourceVersionDate "2019.07.15"]
[SourceQuality "1"]

1. c4 Nf6 2. Nc3 d5 3. cxd5 Nxd5 4. Nf3 c5 5. g3 Nc6 6. Bg2 Nxc3 7. bxc3 e5 8. Qc2 Be7 9. 0-0 0-0 10. d3 Bf5 11. e4 Be6 12. Nd2 Qd7 13. Rd1 Rfd8 14. Bf1 b5 15. Bb2 Rac8 16. Nb3 Bg4 17. Be2 Bxe2 18. Qxe2 a5 19. d4 c4 20. d5 cxb3 21. dxc6 Qxc6 22. axb3 a4 23. bxa4 bxa4 24. Rac1 f6 25. Ba1 Bc5 26. Qa2+ Kh8 27. Rd5 Rxd5 28. exd5 Qb6 29. c4 Rb8 30. Kg2 a3 31. Qe2 Qb3 32. Rd1 Bd6 33. Rc1 Rc8 34. Qg4 Rd8 35. Qe4 a2 36. c5 f5 37. Qf3 Qxf3+ 38. Kxf3 e4+ 39. Ke2 Be7 40. d6 Bg5 41. Rc2 f4 42. gxf4 Bxf4 43. Rxa2 Kg8 44. Ra7 Bxd6 45. Rxg7+ Kf8 46. cxd6 Rxd6 47. Rxh7 Ra6 48. Bd4 Kg8 49. Rg7+ Kf8 50. Rg4 Kf7 51. Rxe4 Kg6 52. Re5 Ra2+ 53. Kf3 Ra4 54. Ke4 Ra2 55. h4 Ra4 56. Rg5+ Kh6 57. f4 Ra8 58. f5 Re8+ 59. Kf4 Re1 60. Bg7+ Kh7 61. f6 Re8 62. Kf5 Re1 63. Rh5+ Kg8 64. Rh8+ Kf7 65. Rf8# 1-0

[Event "SVR op"]
[Site "Lahnstein"]
[Date "2019.04.14"]
[Round "3"]
[White "Mokhyber, Wiliam"]
[Black "Konstantinovskij, Dimitrij"]
[Result "0-1"]
[WhiteElo "1696"]
[BlackElo "1946"]
[PlyCount "88"]
[EventDate "2019.04.13"]
[EventType "swiss"]
[EventRounds "7"]
[EventCountry "GER"]
[SourceTitle "EXT 2021"]
[Source "ChessBase"]
[SourceDate "2020.10.23"]
[SourceVersion "1"]
[SourceVersionDate "2020.10.23"]
[SourceQuality "1"]

1. e4 c5 2. Nc3 e6 3. Nge2 a6 4. a4 d6 5. g3 Nf6 6. Bg2 Be7 7. 0-0 0-0 8. d3 Nc6 9. f4 Qc7 10. h3 Rb8 11. g4 b5 12. axb5 axb5 13. Ng3 Nd4 14. Nce2 Bb7 15. Be3 Nxe2+ 16. Qxe2 d5 17. e5 Nd7 18. Bd2 Ra8 19. Rae1 Ra2 20. Bc1 b4 21. f5 Bh4 22. Bf4 Rxb2 23. f6 g6 24. Bc1 Bxg3 25. Bxb2 Bxe1 26. Qe3 Kh8 27. Rxe1 Nb6 28. h4 d4 29. Qh6 Rg8 30. Bxb7 Qxb7 31. Kf2 Nd5 32. Bc1 b3 33. cxb3 Qxb3 34. Qd2 Ne3 35. Rxe3 dxe3+ 36. Qxe3 Qc3 37. Bd2 Qc2 38. Ke2 Rd8 39. h5 c4 40. d4 Rc8 41. hxg6 c3 42. g7+ Kg8 43. Ke1 cxd2+ 44. Qxd2 Qe4+ 0-1

[Event "SVR op"]
[Site "Lahnstein"]
[Date "2019.04.13"]
[Round "1"]
[White "Bast, Patrick"]
[Black "Konstantinovskij, Dimitrij"]
[Result "0-1"]
[WhiteElo "1407"]
[BlackElo "1946"]
[PlyCount "84"]
[EventDate "2019.04.13"]
[EventType "swiss"]
[EventRounds "7"]
[EventCountry "GER"]
[SourceTitle "EXT 2021"]
[Source "ChessBase"]
[SourceDate "2020.10.23"]
[SourceVersion "1"]
[SourceVersionDate "2020.10.23"]
[SourceQuality "1"]

1. e4 c5 2. Nf3 e6 3. Nc3 a6 4. d4 cxd4 5. Nxd4 d6 6. Be3 Nf6 7. a3 b5 8. h3 Bb7 9. Bd3 Nbd7 10. Nf3 Be7 11. g4 Nc5 12. Bxc5 dxc5 13. e5 Nd5 14. Be4 Qc7 15. Bxd5 exd5 16. Nxd5 Qc6 17. Nxe7 Qxf3 18. Qxf3 Bxf3 19. 0-0 Kxe7 20. Rfe1 Rad8 21. Kh2 Rd2 22. Kg3 Bc6 23. b4 Rxc2 24. bxc5 Rd8 25. Rad1 Rxc5 26. Rxd8 Kxd8 27. e6 fxe6 28. Rxe6 Rc3+ 29. Kh4 Kd7 30. Re1 Rxa3 31. f4 b4 32. f5 b3 33. g5 Ra4+ 34. Kg3 b2 35. f6 gxf6 36. gxf6 Bd5 37. Rb1 Rb4 38. Rd1 b1Q 39. Rxd5+ Ke6 40. Rd2 Qe1+ 41. Rf2 Rb2 42. f7 Qxf2+ 0-1

[Event "Hofheim Spring op-B 6th"]
[Site "Hofheim"]
[Date "2018.04.04"]
[Round "3"]
[White "Konstantinovskij, Dimitrij"]
[Black "Varma, Christopher"]
[Result "0-1"]
[WhiteElo "1932"]
[BlackElo "1811"]
[PlyCount "92"]
[EventDate "2018.04.03"]
[EventType "swiss"]
[EventRounds "9"]
[EventCountry "GER"]
[SourceTitle "EXT 2020"]
[Source "ChessBase"]
[SourceDate "2019.10.17"]
[SourceVersion "1"]
[SourceVersionDate "2019.10.17"]
[SourceQuality "1"]

1. d4 Nf6 2. Nf3 g6 3. c4 Bg7 4. Nc3 0-0 5. e4 d6 6. Be2 Bg4 7. Be3 Bxf3 8. Bxf3 Nfd7 9. Qd2 Nc6 10. h4 e5 11. d5 Nd4 12. h5 c5 13. hxg6 Nxf3+ 14. gxf3 fxg6 15. Bg5 Bf6 16. Bh6 Rf7 17. 0-0-0 a6 18. Qe2 Bg5+ 19. Kb1 Qf6 20. Bxg5 Qxg5 21. Rdg1 Qe7 22. Qe3 Raf8 23. Rh3 Rf6 24. Ne2 b5 25. cxb5 axb5 26. Rgh1 R6f7 27. Ng1 Ra8 28. Rg3 Rf4 29. Nh3 Rh4 30. Rhg1 Nf8 31. a3 b4 32. axb4 cxb4 33. Qb6 Qd7 34. Qc6 Qa7 35. Ng5 b3 36. Kc1 Qa1+ 37. Kd2 Qxb2+ 38. Kd3 Ra2 39. Kc4 Qd4+ 40. Kb5 Qa4+ 41. Kb6 Qa7+ 42. Kb5 Ra5+ 43. Kb4 Rc5 44. Qe8 Qa5+ 45. Kxb3 Qb6+ 46. Ka3 Ra5+ 0-1

[Event "SVR-op"]
[Site "Hennweiler"]
[Date "2018.03.29"]
[Round "5"]
[White "Bender, Tim"]
[Black "Konstantinovskij, Dimitrij"]
[Result "0-1"]
[WhiteElo "1441"]
[BlackElo "1848"]
[PlyCount "154"]
[EventDate "2018.03.24"]
[EventType "swiss"]
[EventRounds "7"]
[EventCountry "GER"]
[SourceTitle "EXT 2020"]
[Source "ChessBase"]
[SourceDate "2019.10.17"]
[SourceVersion "1"]
[SourceVersionDate "2019.10.17"]
[SourceQuality "1"]

1. e4 c5 2. Nf3 e6 3. d3 d6 4. g3 Nc6 5. Bg2 Nf6 6. Nc3 Be7 7. Ne2 0-0 8. 0-0 d5 9. Nd2 dxe4 10. Nxe4 Qc7 11. N2c3 Rd8 12. Nxf6+ Bxf6 13. Ne4 Be7 14. b3 e5 15. Qe2 Nd4 16. Qd2 Be6 17. Bb2 Rac8 18. Nc3 f5 19. Ne2 Nc6 20. Bxc6 bxc6 21. Qc3 Rd5 22. Nf4 Rd6 23. Nxe6 Rxe6 24. Rfe1 Bd6 25. Qc4 Rce8 26. f4 Kh8 27. Re2 e4 28. Rae1 Qe7 29. dxe4 Rxe4 30. Rxe4 fxe4 31. Qc3 Qf7 32. Rd1 Bf8 33. Qe3 c4 34. Be5 Qh5 35. Rd7 Qg4 36. Qxa7 cxb3 37. cxb3 Bc5+ 38. Qxc5 Qxd7 39. Qc2 Qd5 40. Kf2 Rd8 41. Ke3 h6 42. Qc3 Qd3+ 43. Qxd3 exd3 44. Bc3 Kg8 45. a4 Kf7 46. a5 Ke6 47. Kd2 Rd7 48. g4 g6 49. Bb4 Rb7 50. Bc5 Rxb3 51. a6 Rb2+ 52. Kxd3 Rxh2 53. a7 Ra2 54. Kc4 Kd7 55. Kd4 Ke6 56. Ke4 Ra4+ 57. Bd4 c5 58. a8Q Rxa8 59. Bxc5 Ra5 60. f5+ gxf5+ 61. gxf5+ Kf6 62. Bd4+ Kf7 63. Bf2 h5 64. Kf4 Ra4+ 65. Kg5 Rg4+ 66. Kxh5 Rf4 67. Bh4 Rxf5+ 68. Kg4 Kg6 69. Bg3 Ra5 70. Bf2 Ra4+ 71. Kf3 Kf5 72. Kg3 Ra3+ 73. Kg2 Kg4 74. Kh1 Ra2 75. Bg1 Kg3 76. Be3 Rh2+ 77. Kg1 Re2 0-1

[Event "SVR-op"]
[Site "Hennweiler"]
[Date "2018.03.24"]
[Round "1"]
[White "Englert, Georg"]
[Black "Konstantinovskij, Dimitrij"]
[Result "0-1"]
[WhiteElo "1235"]
[BlackElo "1848"]
[PlyCount "82"]
[EventDate "2018.03.24"]
[EventType "swiss"]
[EventRounds "7"]
[EventCountry "GER"]
[SourceTitle "EXT 2020"]
[Source "ChessBase"]
[SourceDate "2019.10.17"]
[SourceVersion "1"]
[SourceVersionDate "2019.10.17"]
[SourceQuality "1"]

1. e4 c5 2. Nf3 e6 3. c4 Nc6 4. Nc3 a6 5. d3 d6 6. g3 Nf6 7. Be3 Be7 8. Bg2 0-0 9. 0-0 d5 10. exd5 exd5 11. cxd5 Nb4 12. Ne4 Qxd5 13. Nxf6+ Bxf6 14. Ne1 Qd6 15. Rc1 Bd4 16. Bxd4 Qxd4 17. a3 Nc6 18. Qc2 Bg4 19. Bf3 Bxf3 20. Nxf3 Qf6 21. Nd2 Nd4 22. Ne4 Qf3 23. Qd1 Ne2+ 24. Qxe2 Qxe2 25. Rfe1 Qxb2 26. Nxc5 Qxa3 27. Nxb7 Qxd3 28. Nc5 Qf5 29. Re3 Rfc8 30. Nd3 Rxc1+ 31. Nxc1 a5 32. Ne2 a4 33. Nd4 Qb1+ 34. Kg2 a3 35. Re2 a2 36. Nc2 Rc8 37. Nd4 a1Q 38. Nc6 Qh1+ 39. Kh3 Qaf1+ 40. Kg4 Qxe2+ 41. Kh3 Qh5# 0-1

[Event "Hofheim Spring op-B 5th"]
[Site "Hofheim"]
[Date "2017.04.11"]
[Round "8"]
[White "Konstantinovskij, Dimitrij"]
[Black "Schaefer, Wolfgang"]
[Result "0-1"]
[WhiteElo "1992"]
[BlackElo "1813"]
[PlyCount "110"]
[EventDate "2017.04.07"]
[EventType "swiss"]
[EventRounds "9"]
[EventCountry "GER"]
[SourceTitle "CBM 178 Extra"]
[Source "ChessBase"]
[SourceDate "2017.06.22"]
[SourceVersion "1"]
[SourceVersionDate "2017.06.22"]
[SourceQuality "1"]

1. d4 d5 2. Nf3 Nf6 3. c4 e6 4. Nc3 c6 5. e3 Bd6 6. Qc2 Nbd7 7. Be2 0-0 8. 0-0 Re8 9. e4 dxe4 10. Nxe4 Nxe4 11. Qxe4 f5 12. Qd3 c5 13. Bg5 Be7 14. Bxe7 Qxe7 15. Rfe1 Qf6 16. Bf1 b6 17. Ne5 Nxe5 18. dxe5 Qe7 19. Rad1 Bb7 20. Qd7 Rac8 21. Rd6 Kf8 22. Qa4 Rc7 23. Red1 Qg5 24. R1d3 Be4 25. Rg3 Qf4 26. Qd1 Qxe5 27. Rd7 Rxd7 28. Qxd7 Re7 29. Qd8+ Kf7 30. Rh3 f4 31. Rc3 Qd4 32. Qb8 e5 33. a4 Qd7 34. f3 Re8 35. Qxe8+ Kxe8 36. fxe4 Qd4+ 37. Kh1 Qxe4 38. Rc1 Ke7 39. h3 Qe3 40. Rd1 e4 41. Rd5 Qf2 42. Rd1 e3 43. Bd3 e2 44. Bxe2 Qxe2 45. Rb1 g5 46. a5 h5 47. axb6 axb6 48. b4 g4 49. bxc5 gxh3 50. gxh3 Qe4+ 51. Kh2 Qxb1 52. cxb6 Qxb6 53. h4 Qf2+ 54. Kh1 f3 55. c5 Qg2# 0-1

[Event "Hofheim Spring op-B 5th"]
[Site "Hofheim"]
[Date "2017.04.08"]
[Round "2"]
[White "Konstantinovskij, Dimitrij"]
[Black "Kaulbars, Pascal"]
[Result "1-0"]
[WhiteElo "1992"]
[BlackElo "1777"]
[PlyCount "87"]
[EventDate "2017.04.07"]
[EventType "swiss"]
[EventRounds "9"]
[EventCountry "GER"]
[SourceTitle "CBM 178 Extra"]
[Source "ChessBase"]
[SourceDate "2017.06.22"]
[SourceVersion "1"]
[SourceVersionDate "2017.06.22"]
[SourceQuality "1"]

1. d4 Nf6 2. Nf3 g6 3. c4 d5 4. Nc3 Bg7 5. e3 0-0 6. Bd3 dxc4 7. Bxc4 c5 8. 0-0 cxd4 9. Nxd4 Qc7 10. Be2 a6 11. Bd2 Rd8 12. Rc1 Qd6 13. Qc2 e5 14. Nf3 Nc6 15. a3 Be6 16. Rfd1 Rac8 17. Ng5 Bd7 18. Bc4 Be8 19. b4 Nxb4 20. Qb3 Nbd5 21. Nxd5 Nxd5 22. Ba5 b6 23. Be1 Bc6 24. Bxd5 Bxd5 25. Rxc8 Rxc8 26. Qxd5 Qxd5 27. Rxd5 Rc1 28. Rd8+ Bf8 29. Kf1 Kg7 30. Ke2 h6 31. Nf3 e4 32. Nd2 Bxa3 33. Nxe4 b5 34. Rd1 Rc4 35. Kd3 Rc7 36. Ba5 Rc6 37. Rb1 f5 38. Nd2 Rd6+ 39. Kc2 Rd5 40. Bb4 Bxb4 41. Rxb4 a5 42. Rd4 Rc5+ 43. Kb2 Kf7 44. Nb3 1-0

[Event "Hofheim Spring op-B 5th"]
[Site "Hofheim"]
[Date "2017.04.07"]
[Round "1"]
[White "Schubert, Nikita"]
[Black "Konstantinovskij, Dimitrij"]
[Result "1/2-1/2"]
[WhiteElo "1792"]
[BlackElo "1992"]
[PlyCount "92"]
[EventDate "2017.04.07"]
[EventType "swiss"]
[EventRounds "9"]
[EventCountry "GER"]
[SourceTitle "CBM 178 Extra"]
[Source "ChessBase"]
[SourceDate "2017.06.22"]
[SourceVersion "1"]
[SourceVersionDate "2017.06.22"]
[SourceQuality "1"]

1. d4 Nf6 2. Nf3 e6 3. g3 d5 4. Bg2 c5 5. 0-0 Nc6 6. c3 Bd6 7. Nbd2 0-0 8. Nb3 b6 9. Be3 Qe7 10. Qc1 Bb7 11. Bf4 e5 12. dxe5 Nxe5 13. Nxe5 Bxe5 14. Re1 Rfe8 15. Bxe5 Qxe5 16. Qc2 Rad8 17. Rad1 Rd6 18. Nd2 Qe7 19. Nf3 Ne4 20. Nd2 Nf6 21. Nf3 Re6 22. e3 Ne4 23. Nd2 Nf6 24. Nf3 g6 25. Bh3 Rd6 26. Bg2 Ne4 27. Nd2 Red8 28. Nxe4 dxe4 29. Rxd6 Rxd6 30. Rd1 f5 31. Rxd6 Qxd6 32. Kf1 Ba6+ 33. Ke1 Qd5 34. b3 Qd3 35. Qxd3 Bxd3 36. Bf1 Bxf1 37. Kxf1 Kf7 38. c4 Kf6 39. Kg2 Kg5 40. Kh3 h5 41. Kg2 Kg4 42. h3+ Kg5 43. Kh2 Kf6 44. h4 Ke5 45. Kg1 a6 46. Kf1 Kd6 1/2-1/2

[Event "Rheinland Pfalz op 3rd"]
[Site "Gau Algesheim"]
[Date "2011.07.28"]
[Round "1"]
[White "Usczeck, Lukas"]
[Black "Konstantinovskij, Dimitrij"]
[Result "0-1"]
[WhiteElo "1513"]
[BlackElo "1995"]
[PlyCount "84"]
[EventDate "2011.07.28"]
[EventType "swiss"]
[EventRounds "7"]
[EventCountry "GER"]
[SourceTitle "EXT 2013"]
[Source "ChessBase"]
[SourceDate "2012.11.22"]
[SourceVersion "1"]
[SourceVersionDate "2012.11.22"]
[SourceQuality "1"]

1. d4 e6 2. Nf3 d5 3. c3 Nf6 4. Bg5 Be7 5. e3 0-0 6. Bd3 Nbd7 7. Nbd2 c5 8. Ne5 Qc7 9. f4 Re8 10. 0-0 Nf8 11. Ndf3 a6 12. h4 Ne4 13. Bxe7 Qxe7 14. Bc2 b5 15. Nd3 Bb7 16. Ng5 c4 17. Nxe4 cxd3 18. Nc5 dxc2 19. Qxc2 Rac8 20. b4 Rc7 21. g3 f6 22. Rae1 Nd7 23. a3 Nb6 24. Rf2 Nc4 25. Qb3 e5 26. Rfe2 Bc8 27. dxe5 fxe5 28. e4 Bg4 29. Rf2 exf4 30. Rxf4 Bh5 31. e5 Kh8 32. e6 Rcc8 33. Rf5 Qd6 34. Kg2 Bg6 35. Rf2 Rf8 36. Rxf8+ Rxf8 37. Qd1 Qe7 38. Qxd5 Qf6 39. e7 Qf2+ 40. Kh3 Bf5+ 41. g4 Bxg4+ 42. Kxg4 Rf4+ 0-1

[Event "SVR-op 34th"]
[Site "Reil"]
[Date "2011.04.23"]
[Round "7"]
[White "Konstantinovskij, Dimitrij"]
[Black "Buzov, Boris"]
[Result "1/2-1/2"]
[WhiteElo "2002"]
[BlackElo "2015"]
[PlyCount "99"]
[EventDate "2011.04.16"]
[EventType "swiss"]
[EventRounds "7"]
[EventCountry "GER"]
[SourceTitle "EXT 2013"]
[Source "ChessBase"]
[SourceDate "2012.11.22"]
[SourceVersion "1"]
[SourceVersionDate "2012.11.22"]
[SourceQuality "1"]

1. d4 d5 2. Nf3 c6 3. g3 Bf5 4. Bg2 e6 5. 0-0 Nf6 6. b3 Be7 7. Bb2 Nbd7 8. Nbd2 Ne4 9. a3 Nxd2 10. Nxd2 Bg6 11. e4 0-0 12. Qe2 a5 13. Rfe1 a4 14. b4 Re8 15. c4 Nb6 16. Rac1 dxe4 17. Nxe4 Bxe4 18. Qxe4 Bf6 19. Qe3 g6 20. Ba1 h5 21. Red1 Re7 22. Bf1 Rd7 23. Rd2 Bg5 24. f4 Bf6 25. Rcd1 Nc8 26. Bg2 Nd6 27. Qe2 Nf5 28. Qe4 Rc8 29. Bh3 Nd6 30. Qe2 b5 31. d5 Nxc4 32. Bxf6 Qxf6 33. dxe6 Rxd2 34. Rxd2 Nxd2 35. exf7+ Kxf7 36. Bxc8 Qd4+ 37. Kg2 Qd5+ 38. Kf2 Ne4+ 39. Kg1 Qd4+ 40. Kf1 Qa1+ 41. Kg2 Qd4 42. Qa2+ Kg7 43. Qe6 Qd2+ 44. Kh3 Nf2+ 45. Kg2 Ng4+ 46. Kf3 Qc3+ 47. Ke2 Qb2+ 48. Kd1 Nf2+ 49. Ke1 Nd3+ 50. Kd1 1/2-1/2

[Event "SVR-op 34th"]
[Site "Reil"]
[Date "2011.04.21"]
[Round "4"]
[White "Schmorleiz, Bernd"]
[Black "Konstantinovskij, Dimitrij"]
[Result "0-1"]
[WhiteElo "1630"]
[BlackElo "2002"]
[PlyCount "66"]
[EventDate "2011.04.16"]
[EventType "swiss"]
[EventRounds "7"]
[EventCountry "GER"]
[SourceTitle "EXT 2013"]
[Source "ChessBase"]
[SourceDate "2012.11.22"]
[SourceVersion "1"]
[SourceVersionDate "2012.11.22"]
[SourceQuality "1"]

1. d4 e6 2. e3 Nf6 3. Bd3 d5 4. Nd2 c5 5. c3 Nc6 6. f4 Be7 7. Ngf3 0-0 8. 0-0 a6 9. Ne5 Qc7 10. Rf3 b5 11. Rh3 g6 12. Qf3 Bb7 13. g4 Kg7 14. Qg3 Nxe5 15. fxe5 Ne4 16. Nxe4 dxe4 17. Bc2 Bg5 18. Bd2 cxd4 19. Rc1 d3 20. Bb3 Rac8 21. Qe1 Qxe5 22. c4 Kg8 23. Bc3 Qc7 24. cxb5 axb5 25. Qf1 Qc5 26. Kh1 e5 27. Bd2 Qd6 28. Rg3 Rxc1 29. Qxc1 Rc8 30. Qd1 Bd5 31. Rg2 Bxb3 32. Qxb3 Qc5 33. Rf2 Rc7 0-1

[Event "SVR-op 34th"]
[Site "Reil"]
[Date "2011.04.16"]
[Round "1"]
[White "Konstantinovskij, Dimitrij"]
[Black "Pikatz, Frank"]
[Result "1-0"]
[WhiteElo "2002"]
[BlackElo "1467"]
[PlyCount "91"]
[EventDate "2011.04.16"]
[EventType "swiss"]
[EventRounds "7"]
[EventCountry "GER"]
[SourceTitle "EXT 2013"]
[Source "ChessBase"]
[SourceDate "2012.11.22"]
[SourceVersion "1"]
[SourceVersionDate "2012.11.22"]
[SourceQuality "1"]

1. e4 g6 2. d4 Bg7 3. Nf3 d6 4. Bc4 e6 5. Nc3 Ne7 6. Bf4 d5 7. Bd3 dxe4 8. Nxe4 Nf5 9. c3 0-0 10. Qd2 b6 11. 0-0 Bb7 12. Rfe1 Nd6 13. Bg5 f6 14. Bh6 Nxe4 15. Bxe4 Bxe4 16. Rxe4 Qd5 17. Rae1 Re8 18. b3 Nc6 19. c4 Qd7 20. Bxg7 Kxg7 21. Qe3 Nd8 22. Nd2 c6 23. Nf1 Rc8 24. Ng3 b5 25. f4 f5 26. Re5 Kf6 27. d5 cxd5 28. cxd5 Kf7 29. Ne2 exd5 30. Rxe8 Qxe8 31. Qxa7+ Kg8 32. Kf1 Qf7 33. Qb6 Qb7 34. Qe3 Nf7 35. Nd4 Qd7 36. Rd1 Re8 37. Qd3 Re4 38. g3 Qa7 39. Rd2 b4 40. Nc6 Qc5 41. Qxd5 Qc1+ 42. Kg2 Re1 43. Ne5 Rg1+ 44. Kh3 Qf1+ 45. Kh4 g5+ 46. fxg5 1-0

[Event "SVR-ch MTB 33rd"]
[Site "Mendig"]
[Date "2010.03.27"]
[Round "2"]
[White "Becker, Volker"]
[Black "Konstantinovskij, Dimitrij"]
[Result "0-1"]
[WhiteElo "1998"]
[BlackElo "1925"]
[PlyCount "64"]
[EventDate "2010.03.26"]
[EventType "tourn"]
[EventRounds "9"]
[EventCountry "GER"]
[SourceTitle "EXT 2011"]
[Source "ChessBase"]
[SourceDate "2010.11.26"]
[SourceVersion "1"]
[SourceVersionDate "2010.11.26"]
[SourceQuality "1"]

1. e4 e6 2. d4 d5 3. Nd2 Nd7 4. Ngf3 dxe4 5. Nxe4 Ngf6 6. Nxf6+ Nxf6 7. Bg5 Be7 8. Bd3 0-0 9. 0-0 c5 10. dxc5 Qa5 11. Qe2 Qxc5 12. c3 Qc7 13. Rad1 Rd8 14. Ne5 Rd5 15. Rfe1 b6 16. c4 Rd8 17. Bxf6 Bxf6 18. Qe4 Bb7 19. Qxh7+ Kf8 20. f4 Qc5+ 21. Kf1 Rd4 22. g3 Bxe5 23. fxe5 Qc6 24. Qh3 Qf3+ 25. Kg1 Rxd3 26. Rxd3 Qxd3 27. Qh8+ Ke7 28. Qxg7 Qf3 29. Qg5+ Ke8 30. Qd2 Qh1+ 31. Kf2 Qxh2+ 32. Ke3 Qxg3+ 0-1

[Event "SVR-ch MTB 33rd"]
[Site "Mendig"]
[Date "2010.03.27"]
[Round "3"]
[White "Konstantinovskij, Dimitrij"]
[Black "Buerger, Helmut"]
[Result "0-1"]
[WhiteElo "1925"]
[BlackElo "2012"]
[PlyCount "134"]
[EventDate "2010.03.26"]
[EventType "tourn"]
[EventRounds "9"]
[EventCountry "GER"]
[SourceTitle "EXT 2011"]
[Source "ChessBase"]
[SourceDate "2010.11.26"]
[SourceVersion "1"]
[SourceVersionDate "2010.11.26"]
[SourceQuality "1"]

1. d4 Nf6 2. Nf3 g6 3. c4 Bg7 4. Nc3 d6 5. e4 0-0 6. Be2 e5 7. 0-0 Nc6 8. Bg5 h6 9. Bxf6 Bxf6 10. dxe5 Nxe5 11. Nd4 Bd7 12. Nd5 Bg7 13. f4 Nc6 14. Nb5 Rc8 15. Nbc3 Nd4 16. Bd3 f5 17. Qe1 c6 18. Ne3 Qf6 19. Rd1 Rce8 20. Qf2 h5 21. exf5 Bxf5 22. Nxf5 gxf5 23. Rd2 Qg6 24. Kh1 a6 25. Ne2 Nxe2 26. Bxe2 Kh7 27. Qh4 Bf6 28. Qxh5+ Qxh5 29. Bxh5 Re6 30. Kg1 c5 31. g3 Bd4+ 32. Kg2 Re7 33. h3 b5 34. cxb5 axb5 35. Be2 b4 36. Bd3 Kg7 37. g4 fxg4 38. hxg4 Rh8 39. Be2 Ra7 40. Bc4 Re7 41. Bd5 Kf6 42. Kg3 Reh7 43. Bg2 Ra7 44. g5+ Kg7 45. Bd5 Re7 46. Kg4 Re3 47. Bf3 Kf7 48. Bd5+ Kg7 49. Rh1 Rxh1 50. Bxh1 Re1 51. Rh2 c4 52. f5 Rg1+ 53. Kh5 c3 54. f6+ Bxf6 55. gxf6+ Kxf6 56. bxc3 bxc3 57. Be4 d5 58. Bxd5 Rg5+ 59. Kh4 Rxd5 60. Rc2 Rc5 61. Kg3 Ke5 62. Kf3 Kd4 63. Ke2 Re5+ 64. Kd1 Kd3 65. Rh2 Re3 66. a4 Rg3 67. Rh1 Kc4 0-1

[Event "Bad Breisig op"]
[Site "Bad Breisig"]
[Date "2009.11.27"]
[Round "7"]
[White "Konstantinovskij, Dimitrij"]
[Black "Wempe, Juergen"]
[Result "1-0"]
[WhiteElo "1839"]
[BlackElo "2176"]
[PlyCount "73"]
[EventDate "2009.11.21"]
[EventType "swiss"]
[EventRounds "9"]
[EventCountry "GER"]
[SourceTitle "EXT 2019"]
[Source "ChessBase"]
[SourceDate "2018.10.10"]
[SourceVersion "1"]
[SourceVersionDate "2018.10.10"]
[SourceQuality "1"]

1. c4 f5 2. Nc3 Nf6 3. d4 e6 4. g3 Be7 5. Bg2 0-0 6. Nf3 d6 7. 0-0 Qe8 8. Re1 Ne4 9. Qc2 Qg6 10. Bf4 Nc6 11. Rad1 Bf6 12. a3 Nxc3 13. Qxc3 Re8 14. Qc2 e5 15. dxe5 dxe5 16. Be3 e4 17. Nd2 Be6 18. Nf1 Qf7 19. b3 Ne5 20. Rd2 a5 21. a4 Be7 22. Bd4 Nc6 23. Bc3 Bc5 24. Red1 f4 25. gxf4 Qxf4 26. e3 Qg5 27. Ng3 Bg4 28. Rd5 Bxd1 29. Qxd1 Rad8 30. h4 Qxh4 31. Nf5 Qg5 32. Nxg7 Bb4 33. Nxe8 Rxd5 34. Qxd5+ Qxd5 35. cxd5 Bxc3 36. dxc6 bxc6 37. Nxc7 1-0

[Event "SVR-ch MTB 31th"]
[Site "Idar Oberstein"]
[Date "2008.03.16"]
[Round "4"]
[White "Konstantinovskij, Dimitrij"]
[Black "Zirwes, Hans Juergen"]
[Result "0-1"]
[WhiteElo "1741"]
[BlackElo "1984"]
[PlyCount "66"]
[EventDate "2008.03.14"]
[EventType "tourn"]
[EventRounds "9"]
[EventCountry "GER"]
[SourceTitle "EXT 2009"]
[Source "ChessBase"]
[SourceDate "2008.11.26"]
[SourceVersion "1"]
[SourceVersionDate "2008.11.26"]
[SourceQuality "1"]

1. d4 d5 2. c4 c6 3. e3 e6 4. Nf3 Nf6 5. Nc3 a6 6. Bd3 dxc4 7. Bxc4 b5 8. Bd3 Bb7 9. b3 Nbd7 10. Bb2 Rc8 11. Rc1 c5 12. Ne2 Bxf3 13. gxf3 Nd5 14. a3 Qh4 15. a4 c4 16. Rg1 Nxe3 17. Qd2 Nd5 18. bxc4 Bb4 19. Nc3 bxc4 20. Be4 N7f6 21. Rxg7 Nxe4 22. fxe4 Bxc3 23. Bxc3 Qxe4+ 24. Kd1 Nf4 25. Rg4 Qf3+ 26. Kc2 Qxg4 27. d5 Qf5+ 28. Kb2 Nd3+ 29. Ka3 Nxc1 30. Qxc1 Rg8 31. d6 Rb8 32. Ka2 Qxf2+ 33. Bd2 Rg2 0-1